Planning and designers handbook / (Record no. 810)

MARC details
000 -LEADER
fixed length control field 00619nam a22001817a 4500
005 - DATE AND TIME OF LATEST TRANSACTION
control field 20230201013146.0
008 - FIXED-LENGTH DATA ELEMENTS--GENERAL INFORMATION
fixed length control field 230201b |||||||| |||| 00| 0 eng d
020 ## - INTERNATIONAL STANDARD BOOK NUMBER
International Standard Book Number 971-8589-12-0
082 ## - DEWEY DECIMAL CLASSIFICATION NUMBER
Classification number Fil. 720.28 F175 2002
100 ## - MAIN ENTRY--PERSONAL NAME
Personal name Fajardo, Max B. Jr.
Relator term author
245 ## - TITLE STATEMENT
Title Planning and designers handbook /
Statement of responsibility, etc. Max B. Fajardo Jr.
250 ## - EDITION STATEMENT
Edition statement 2nd ed.
260 ## - PUBLICATION, DISTRIBUTION, ETC.
Place of publication, distribution, etc. Quezon City:
Name of publisher, distributor, etc. 5138 Merchandising,
Date of publication, distribution, etc. c2002.
300 ## - PHYSICAL DESCRIPTION
Extent 342p.;
Other physical details ill.
504 ## - BIBLIOGRAPHY, ETC. NOTE
Bibliography, etc. note Includes references
541 ## - IMMEDIATE SOURCE OF ACQUISITION NOTE
Accession number 2408 c.1, 2409 c.2, 2410 c.3, 2411 c.4, 2412 c.5, 4344 c.6
650 ## - SUBJECT ADDED ENTRY--TOPICAL TERM
Topical term or geographic name entry element Architecture - Designs and plans - Handbooks, manuals, etc.
Holdings
Withdrawn status Lost status Source of classification or shelving scheme Damaged status Not for loan Home library Current library Date acquired Total Checkouts Full call number Barcode Date last seen Copy number Price effective from Koha item type
    Dewey Decimal Classification     ctu-moalboal ctu-moalboal 01/17/2012   Fil. 720.28 F175 2002 2408 02/01/2023 1 02/01/2023 Books-Filipiniana
    Dewey Decimal Classification     ctu-moalboal ctu-moalboal 01/17/2012   Fil. 720.28 F175 2002 2409 02/01/2023 2 02/01/2023 Books-Filipiniana
    Dewey Decimal Classification     ctu-moalboal ctu-moalboal 01/17/2012   Fil. 720.28 F175 2002 2410 02/01/2023 3 02/01/2023 Books-Filipiniana
    Dewey Decimal Classification     ctu-moalboal ctu-moalboal 01/17/2012   Fil. 720.28 F175 2002 2411 02/01/2023 4 02/01/2023 Books-Filipiniana
    Dewey Decimal Classification     ctu-moalboal ctu-moalboal 01/17/2012   Fil. 720.28 F175 2002 2412 02/01/2023 5 02/01/2023 Books-Filipiniana
    Dewey Decimal Classification     ctu-moalboal ctu-moalboal 02/17/2016   Fil. 720.28 F175 2002 4344 02/01/2023 6 02/01/2023 Books-Filipiniana